| 000 | 01174cam a22003377a 4500 | ||
|---|---|---|---|
| 003 | CHAP | ||
| 005 | 20220329141035.0 | ||
| 008 | 971013s1996 r 00010 d | ||
| 010 | _a61721 | ||
| 011 | _a62693 | ||
| 035 | _a66868 | ||
| 040 | _cCHAP | ||
| 090 | _aTesis | ||
| 100 | 0 | 0 |
_aCastañeda Varela, Gerardo. _919943 |
| 245 | 1 | 3 | _aLa industria manufacturera, un instrumento de fortalecimiento para la economía nacional |
| 260 |
_aChapingo, Méx. : _bEl autor, _c1996 |
||
| 300 | _a103 h. | ||
| 502 | _aTesis (Lic. en Comercio Internacional) -- UACH. Departamento de Economía Agrícola | ||
| 590 |
_aALEPH _b10 _c20130110 _lUCH01 _h1343 |
||
| 590 |
_aBATCH-UPD _b10 _c20130110 _lUCH01 _h0404 |
||
| 590 |
_aBATCH-UPD _b10 _c20130110 _lUCH01 _h1957 |
||
| 590 |
_aBATCH-UPD _b10 _c20130410 _lUCH01 _h0038 |
||
| 590 |
_aBATCH-UPD _b10 _c20130914 _lUCH01 _h0856 |
||
| 590 |
_aCONVERSION _b10 _c20130109 _lUCH01 _h1333 |
||
| 650 | 1 | 4 |
_aIndustrias manufactureras. _958008 |
| 650 | 1 | 4 |
_aPolítica económica _zMéxico. _990535 |
| 901 | _aBK | ||
| 942 | _cFOLL | ||
| 949 |
_bBC _cTES _d-152109 _eTS1 _h30776 _i66868 _si |
||
| 949 |
_bBC _cTES _d33724000604047 _eTS2 _fc.2 _h30777 _i66868 _si |
||
| 999 |
_c61721 _d61721 |
||